Watching Grass Grow & Other Live Webcams Quiz Stats

 Plays Quiz Updated May 27, 2018

Challenge
Share
Tweet
Score 0/16 Timer 05:00
1 Play Today
% Correct
Watching Grass Grow Cam
97.7%
Bear Cam
97.3%
International Space
Station Cam
97%
Eagle Cam
96.9%
Cupcake Cam
96.9%
Big Cat X-Ray Cam
96.8%
Honey Bee Cam
96.6%
Jellyfish Cam
96.1%
% Correct
Statue of Liberty
Torch Cam
95.8%
Aurora Borealis Cam
95.8%
Centennial Light Bulb Cam
95.7%
Matt & Derek's Quiz Lab Cam
95.5%
Hallway Cam
94.8%
Old Faithful Cam
94.4%
Wedding Chapel Cam
94.1%
Niagara Falls Cam
90.4%

You're not logged in!

Compare scores with friends on all Sporcle quizzes.
Join for Free
OR
Log In

You Might Also Like...

Show Comments

Extras

Top Quizzes Today


Score Distribution

Your Account Isn't Verified!

In order to create a playlist on Sporcle, you need to verify the email address you used during registration. Go to your Sporcle Settings to finish the process.

Report this User

Report this user for behavior that violates our Community Guidelines.

Details: